000 00228nam a22001097a 4500
082 _a808.3 MAS'R
100 _aMASTERS, JOHN
_92343
245 _aTHE RAVI LANCERS
260 _aLONDON
_bCORGI
_c1973
300 _a36
942 _cBK
999 _c584236
_d584236